000
00278nam a2200097Ia 4500
001
717660
005
20250826163008.0
008
250824s9999 xx 000 0 und d
245
0
_a
HUN KARTAL ŞAVAŞÇISI GÖKBERK İLE ALMILA
_c
AHMET HALDUN TERZİOĞLU
260
_b
PANAMA YAYINLARI
999
_c
717660
_d
717660